{"text_format":"3","workbook":"xlsx","n_sheets":1,"sheets":["t17"],"read":"whole","date_system":"1900"}

{"sheet":"t17","index":0,"n_rows":141,"n_cols":7,"rows_kept":141,"merged":[[0,0,0,6],[30,0,30,5],[38,0,38,5],[125,0,125,5]]}
["TABELA 17.1 - Estatísticas Agrícolas, Município de Álvaro de Carvalho, Estado de São Paulo, 2007/08."]
["ITEM","UNIDADE","N.DE UPAs","MÍNIMO","MÉDIO","MÁXIMO","TOTAL"]
["Distância à sede do município","km",117,0.5,{"v":5.56,"d":"5.6"},{"v":18,"d":"18.0"},"-"]
["Área total","hectare",117,1.2,{"v":141.05,"d":"141.1"},{"v":1088.6,"d":"1,088.6"},{"v":16502.7,"d":"16,502.7"}]
["Área com cultura perene","hectare",60,0.3,{"v":24.34,"d":"24.3"},263.5,{"v":1460.5,"d":"1,460.5"}]
["Área com cultura temporária","hectare",13,0.5,{"v":31.78,"d":"31.8"},{"v":363,"d":"363.0"},413.2]
["Área com pastagem","hectare",113,0.7,{"v":108.61,"d":"108.6"},{"v":1022,"d":"1,022.0"},{"v":12272.5,"d":"12,272.5"}]
["Área com reflorestamento","hectare",25,0.1,{"v":12.11,"d":"12.1"},{"v":242,"d":"242.0"},302.7]
["Área com vegetação natural","hectare",82,0.1,{"v":21.59,"d":"21.6"},201.4,{"v":1770.5,"d":"1,770.5"}]
["Área com vegetação de brejo e várzea","hectare",6,9.6,{"v":34.92,"d":"34.9"},70.5,209.5]
["Área em descanso","hectare",1,2.9,2.9,2.9,2.9]
["Área complementar","hectare",106,0.1,{"v":0.67,"d":"0.7"},5.5,70.9]
["Área das UPAs com (0, 1] ha","hectare","-","-","-","-","-"]
["Área das UPAs com (1, 2] ha","hectare",1,1.2,1.2,1.2,1.2]
["Área das UPAs com (2, 5] ha","hectare",7,2.4,{"v":3.54,"d":"3.5"},{"v":5,"d":"5.0"},24.8]
["Área das UPAs com (5, 10] ha","hectare",19,5.8,{"v":7.49,"d":"7.5"},9.7,142.3]
["Área das UPAs com (10, 20] ha","hectare",26,10.8,{"v":13.77,"d":"13.8"},19.3,358.1]
["Área das UPAs com (20, 50] ha","hectare",19,21.1,{"v":32.32,"d":"32.3"},49.9,{"v":614,"d":"614.0"}]
["Área das UPAs com (50, 100] ha","hectare",7,60.5,{"v":68.69,"d":"68.7"},84.7,480.8]
["Área das UPAs com (100, 200] ha","hectare",12,{"v":116,"d":"116.0"},{"v":146.51,"d":"146.5"},{"v":196,"d":"196.0"},{"v":1758.1,"d":"1,758.1"}]
["Área das UPAs com (200, 500] ha","hectare",16,214.8,{"v":302.03,"d":"302.0"},423.5,{"v":4832.5,"d":"4,832.5"}]
["Área das UPAs com (500, 1.000] ha","hectare",7,538.4,{"v":741.81,"d":"741.8"},914.7,{"v":5192.7,"d":"5,192.7"}]
["Área das UPAs com (1.000, 2.000] ha","hectare",3,{"v":1004.3,"d":"1,004.3"},{"v":1032.73,"d":"1,032.7"},{"v":1088.6,"d":"1,088.6"},{"v":3098.2,"d":"3,098.2"}]
["Área das UPAs com (2.000, 5.000] ha","hectare","-","-","-","-","-"]
["Área das UPAs com (5.000, 10.000] ha","hectare","-","-","-","-","-"]
["Área das UPAs acima de 10.000 ha","hectare","-","-","-","-","-"]
["Familiares do proprietário que trabalham na UPA","unidade",59,{"v":1,"d":"1.0"},{"v":1.27,"d":"1.3"},{"v":3,"d":"3.0"},{"v":75,"d":"75.0"}]
["Trabalhadores permanentes","unidade",49,{"v":1,"d":"1.0"},{"v":3,"d":"3.0"},{"v":29,"d":"29.0"},{"v":147,"d":"147.0"}]
["Fonte: Secretaria de Agricultura e Abastecimento, CDRS/IEA, Projeto LUPA."]
[]
["TABELA 17.2 - Explorações Animais, Município de Álvaro de Carvalho, Estado de São Paulo, 2007/08."]
["ITEM","UNIDADE","N.DE UPAs","MÍNIMO","MÉDIO","MÁXIMO","TOTAL"]
["Bovinocultura de Corte","cabeças",54,{"v":9,"d":"9.0"},{"v":279.37,"d":"279.4"},{"v":1800,"d":"1,800.0"},{"v":15086,"d":"15,086.0"}]
["Bovinocultura Leiteira","cabeças",15,{"v":1,"d":"1.0"},25.8,{"v":90,"d":"90.0"},{"v":387,"d":"387.0"}]
["Bovinocultura Mista","cabeças",13,{"v":3,"d":"3.0"},{"v":19.08,"d":"19.1"},{"v":50,"d":"50.0"},{"v":248,"d":"248.0"}]
["Suinocultura","cabeças",1,{"v":147,"d":"147.0"},{"v":147,"d":"147.0"},{"v":147,"d":"147.0"},{"v":147,"d":"147.0"}]
["Fonte: Secretaria de Agricultura e Abastecimento, CDRS/IEA, Projeto LUPA."]
[]
["TABELA 17.3 -  Máquinas, Implementos e Benfeitorias, Município de Álvaro de Carvalho, Estado de São Paulo, 2007/08."]
["ITEM","UNIDADE","N.DE UPAs","MÍNIMO","MÉDIO","MÁXIMO","TOTAL"]
["Arado Comum (Bacia, Aiveca)","Unidade",15,{"v":1,"d":"1.0"},1.8,{"v":11,"d":"11.0"},{"v":27,"d":"27.0"}]
["Carregadeira de Cana","Unidade",1,{"v":1,"d":"1.0"},{"v":1,"d":"1.0"},{"v":1,"d":"1.0"},{"v":1,"d":"1.0"}]
["Colhedeira Automotriz","Unidade",1,{"v":1,"d":"1.0"},{"v":1,"d":"1.0"},{"v":1,"d":"1.0"},{"v":1,"d":"1.0"}]
["Computador","Unidade",1,{"v":1,"d":"1.0"},{"v":1,"d":"1.0"},{"v":1,"d":"1.0"},{"v":1,"d":"1.0"}]
["Conj.Irrigação Convencional","Unidade",1,{"v":1,"d":"1.0"},{"v":1,"d":"1.0"},{"v":1,"d":"1.0"},{"v":1,"d":"1.0"}]
["Conj.Irrigação/Gotejamento/Microaspersão","Unidade",4,{"v":1,"d":"1.0"},{"v":1,"d":"1.0"},{"v":1,"d":"1.0"},{"v":4,"d":"4.0"}]
["Desintegrador de Palha (Plantio Direto)","Unidade",1,{"v":1,"d":"1.0"},{"v":1,"d":"1.0"},{"v":1,"d":"1.0"},{"v":1,"d":"1.0"}]
["Desintegrador, Picador, Triturador","Unidade",15,{"v":1,"d":"1.0"},{"v":1,"d":"1.0"},{"v":1,"d":"1.0"},{"v":15,"d":"15.0"}]
["Distribuidor de Calcário","Unidade",7,{"v":1,"d":"1.0"},{"v":1.14,"d":"1.1"},{"v":2,"d":"2.0"},{"v":8,"d":"8.0"}]
["Grade Aradora (Tipo Romi)","Unidade",6,{"v":1,"d":"1.0"},{"v":1.17,"d":"1.2"},{"v":2,"d":"2.0"},{"v":7,"d":"7.0"}]
["Grade Niveladora","Unidade",17,{"v":1,"d":"1.0"},{"v":1.06,"d":"1.1"},{"v":2,"d":"2.0"},{"v":18,"d":"18.0"}]
["Implementos para Tração Animal","Unidade",1,{"v":2,"d":"2.0"},{"v":2,"d":"2.0"},{"v":2,"d":"2.0"},{"v":2,"d":"2.0"}]
["Misturador de Ração","Unidade",1,{"v":1,"d":"1.0"},{"v":1,"d":"1.0"},{"v":1,"d":"1.0"},{"v":1,"d":"1.0"}]
["Ordenhadeira Mecânica","Unidade",1,{"v":1,"d":"1.0"},{"v":1,"d":"1.0"},{"v":1,"d":"1.0"},{"v":1,"d":"1.0"}]
["Pulverizador Tratorizado","Unidade",25,{"v":1,"d":"1.0"},{"v":1.76,"d":"1.8"},{"v":7,"d":"7.0"},{"v":44,"d":"44.0"}]
["Semeadeira/Adubadeira para Plantio Convencional","Unidade",5,{"v":1,"d":"1.0"},{"v":1,"d":"1.0"},{"v":1,"d":"1.0"},{"v":5,"d":"5.0"}]
["Trator de Esteiras","Unidade",4,{"v":1,"d":"1.0"},{"v":1,"d":"1.0"},{"v":1,"d":"1.0"},{"v":4,"d":"4.0"}]
["Trator de Pneus","Unidade",46,{"v":1,"d":"1.0"},{"v":2.02,"d":"2.0"},{"v":11,"d":"11.0"},{"v":93,"d":"93.0"}]
["Açude/Represa","Unidade",11,{"v":1,"d":"1.0"},{"v":1.64,"d":"1.6"},{"v":4,"d":"4.0"},{"v":18,"d":"18.0"}]
["Almoxarifado/Oficina","Unidade",2,{"v":1,"d":"1.0"},{"v":1,"d":"1.0"},{"v":1,"d":"1.0"},{"v":2,"d":"2.0"}]
["Armazém para Grãos Ensacados","Sacas",5,{"v":1,"d":"1.0"},{"v":1,"d":"1.0"},{"v":1,"d":"1.0"},{"v":5,"d":"5.0"}]
["Barracão/Galpão/Garagem","Unidade",46,{"v":1,"d":"1.0"},{"v":1.17,"d":"1.2"},{"v":4,"d":"4.0"},{"v":54,"d":"54.0"}]
["Casa de Moradia Habitada","Unidade",96,{"v":1,"d":"1.0"},{"v":1.76,"d":"1.8"},{"v":15,"d":"15.0"},{"v":169,"d":"169.0"}]
["Casa de Moradia Total","Unidade",103,{"v":1,"d":"1.0"},{"v":2.62,"d":"2.6"},{"v":27,"d":"27.0"},{"v":270,"d":"270.0"}]
["Curral/Mangueira","Unidade",60,{"v":1,"d":"1.0"},{"v":1.02,"d":"1.0"},{"v":2,"d":"2.0"},{"v":61,"d":"61.0"}]
["Depósito/Tulha","Unidade",65,{"v":1,"d":"1.0"},{"v":1.09,"d":"1.1"},{"v":2,"d":"2.0"},{"v":71,"d":"71.0"}]
["Estábulo","Unidade",5,{"v":1,"d":"1.0"},{"v":1,"d":"1.0"},{"v":1,"d":"1.0"},{"v":5,"d":"5.0"}]
["Estufa/Plasticultura","m²",1,{"v":18,"d":"18.0"},{"v":18,"d":"18.0"},{"v":18,"d":"18.0"},{"v":18,"d":"18.0"}]
["Máquina de Benefício","Unidade",13,{"v":1,"d":"1.0"},{"v":1.08,"d":"1.1"},{"v":2,"d":"2.0"},{"v":14,"d":"14.0"}]
["Packing House","Unidade",1,{"v":1,"d":"1.0"},{"v":1,"d":"1.0"},{"v":1,"d":"1.0"},{"v":1,"d":"1.0"}]
["Pocilga","Unidade",2,{"v":1,"d":"1.0"},{"v":1,"d":"1.0"},{"v":1,"d":"1.0"},{"v":2,"d":"2.0"}]
["Poço Semi-Artesiano","Unidade",12,{"v":1,"d":"1.0"},{"v":1,"d":"1.0"},{"v":1,"d":"1.0"},{"v":12,"d":"12.0"}]
["Secador de Grãos","Unidade",10,{"v":1,"d":"1.0"},1.2,{"v":2,"d":"2.0"},{"v":12,"d":"12.0"}]
["Terreiro","m²",51,{"v":1,"d":"1.0"},{"v":1052.49,"d":"1,052.5"},{"v":10001,"d":"10,001.0"},{"v":53677,"d":"53,677.0"}]
["Fonte: Secretaria de Agricultura e Abastecimento, CDRS/IEA, Projeto LUPA."]
[]
["TABELA 17.4 - Outras Estatísticas Agrícolas, Município de Álvaro de Carvalho, Estado de São Paulo, 2007/08."]
["ITEM","Número de UPAs",null,"Percentual"]
["Faz Parte de Associação de Produtores",2,null,{"v":1.7094017094017095,"d":"1.7"}]
["Faz Parte de Cooperativa de Produtores",11,null,{"v":9.401709401709402,"d":"9.4"}]
["Faz Parte do Sindicato de Produtores",4,null,{"v":3.418803418803419,"d":"3.4"}]
["Não utiliza assistência técnica ",79,null,{"v":67.52136752136752,"d":"67.5"}]
["Utiliza somente assistência técnica governamental ",13,null,{"v":11.11111111111111,"d":"11.1"}]
["Utiliza somente assistência técnica privada ",19,null,{"v":16.23931623931624,"d":"16.2"}]
["Utiliza assistência técnica tanto governamental quanto privada",6,null,{"v":5.128205128205128,"d":"5.1"}]
["Utiliza Crédito Rural",9,null,{"v":7.6923076923076925,"d":"7.7"}]
["Utiliza Seguro Rural",1,null,{"v":0.8547008547008548,"d":"0.9"}]
["Utiliza Escrituração Agrícola",53,null,{"v":45.299145299145295,"d":"45.3"}]
["Acessa Internet p/ Fins na Agropecuária",6,null,{"v":5.128205128205128,"d":"5.1"}]
["Utiliza Computador nas Atividades Agropecuárias",16,null,{"v":13.675213675213676,"d":"13.7"}]
["Utiliza Energia Elétrica Para Uso na Atividade Agrícola",100,null,{"v":85.47008547008546,"d":"85.5"}]
["Realiza Análise de Solo, quando necessário",35,null,{"v":29.91452991452991,"d":"29.9"}]
["Utiliza Práticas de Conservação de Solo, quando necessário",80,null,{"v":68.37606837606837,"d":"68.4"}]
["Faz Adubação Mineral, quando necessário",58,null,{"v":49.57264957264957,"d":"49.6"}]
["Faz Adubação Orgânica, quando necessário",24,null,{"v":20.51282051282051,"d":"20.5"}]
["Faz Adubação Verde, quando necessário",5,null,{"v":4.273504273504273,"d":"4.3"}]
["Utiliza Manejo Integrado de Pragas (MIP)",1,null,{"v":0.8547008547008548,"d":"0.9"}]
["Utiliza Hidroponia","-",null,"-"]
["Utiliza Plasticultura","-",null,"-"]
["Utiliza Mudas Fiscalizadas",8,null,{"v":6.837606837606838,"d":"6.8"}]
["Utiliza Semente Melhorada",13,null,{"v":11.111111111111112,"d":"11.1"}]
["Faz Confinamento de Bovinos","-",null,"-"]
["Utiliza Pastejo Intensivo",7,null,{"v":5.982905982905983,"d":"6.0"}]
["Faz Inseminação Artificial","-",null,"-"]
["Faz Mineralização do Rebanho",69,null,{"v":58.97435897435898,"d":"59.0"}]
["Faz Vermifugação do Rebanho",67,null,{"v":57.26495726495726,"d":"57.3"}]
["Possui Parceiros /Arrendatários na Exploração Animal",8,null,{"v":6.837606837606838,"d":"6.8"}]
["Esporte e lazer",2,null,{"v":1.7094017094017095,"d":"1.7"}]
["Extração mineral","-",null,"-"]
["Hotel Fazenda, Pousada ou SPA","-",null,"-"]
["Pesque-pague","-",null,"-"]
["Restaurante ou Lanchonete","-",null,"-"]
["Transformação artesanal","-",null,"-"]
["Turismo rural ou ecoturismo","-",null,"-"]
["Outras atividades econômicas rurais","-",null,"-"]
["Agroindústria","-",null,"-"]
["Proprietário sem instrução ou com instrução incompleta",8,null,{"v":6.837606837606838,"d":"6.8"}]
["Proprietário com antigo primário completo",20,null,{"v":17.094017094017094,"d":"17.1"}]
["Proprietário com 1° grau (ou antigo ginasial) completo",17,null,{"v":14.52991452991453,"d":"14.5"}]
["Proprietário com 2° grau (ou antigo colegial) completo",32,null,{"v":27.350427350427353,"d":"27.4"}]
["Proprietário com curso superior completo ",40,null,{"v":34.18803418803419,"d":"34.2"}]
["Pessoa Jurídica","-",null,"-"]
["Proprietário residente na própria UPA ",24,null,{"v":20.51282051282051,"d":"20.5"}]
["Fonte: Secretaria de Agricultura e Abastecimento, CDRS/IEA, Projeto LUPA."]
[]
["TABELA 17.5 - Área Cultivada, Município de Álvaro de Carvalho, Estado de São Paulo, 2007/08."]
["CULTURA","N.DE UPAs","MÍNIMO","MÉDIO","MÁXIMO","TOTAL"]
["Braquiaria",113,0.7,108.6,{"v":1022,"d":"1,022.0"},{"v":12271.3,"d":"12,271.3"}]
["Cafe",56,0.3,{"v":24.29,"d":"24.3"},263.5,{"v":1360,"d":"1,360.0"}]
["Amendoim",1,{"v":363,"d":"363.0"},{"v":363,"d":"363.0"},{"v":363,"d":"363.0"},{"v":363,"d":"363.0"}]
["Eucalipto",25,0.1,{"v":12.11,"d":"12.1"},{"v":242,"d":"242.0"},302.7]
["Milho",4,{"v":1,"d":"1.0"},{"v":13.75,"d":"13.8"},{"v":48,"d":"48.0"},{"v":55,"d":"55.0"}]
["Tangerina",1,45.9,45.9,45.9,45.9]
["Limao",3,1.2,{"v":13.87,"d":"13.9"},{"v":35,"d":"35.0"},41.6]
["Melancia",2,4.8,{"v":8.45,"d":"8.5"},12.1,16.9]
["Cana-de-acucar",8,0.5,{"v":2.08,"d":"2.1"},4.8,16.6]
["Seringueira",1,{"v":11,"d":"11.0"},{"v":11,"d":"11.0"},{"v":11,"d":"11.0"},{"v":11,"d":"11.0"}]
["Tomate rasteiro",1,4.8,4.8,4.8,4.8]
["Coco-da-baia",1,{"v":2,"d":"2.0"},{"v":2,"d":"2.0"},{"v":2,"d":"2.0"},{"v":2,"d":"2.0"}]
["Capim-napier (ou capim-elefante)",1,1.2,1.2,1.2,1.2]
["Fonte: Secretaria de Agricultura e Abastecimento, CDRS/IEA, Projeto LUPA."]